Fundamentals of Mathematical Statistics (Record no. 794)

MARC details
000 -LEADER
Fixed length control field 00484nam a2200181 4500
003 - CONTROL NUMBER IDENTIFIER
Control field SEACOMMC
005 - DATE AND TIME OF LATEST TRANSACTION
Control field 20250425135206.0
008 - FIXED-LENGTH DATA ELEMENTS--GENERAL INFORMATION
Fixed length control field 241125b |||||||| |||| 00| 0 eng d
020 ## - INTERNATIONAL STANDARD BOOK NUMBER / ISBN
International Standard Book Number 978-93-5161-173-8
Price Rs.345.00
040 ## - CATALOGING SOURCE
Original cataloging agency SEACOMMC
082 ## - DEWEY DECIMAL CLASSIFICATION NUMBER
Classification number 519.5
Book Number G 977
100 ## - MAIN ENTRY--PERSONAL NAME
Personal name Gupta, S.C
245 1# - TITLE STATEMENT
Title Fundamentals of Mathematical Statistics
Statement of responsibility S.C Gupta, V.K Kapoor
250 ## - EDITION STATEMENT
Edition statement 11th rev.ed.
260 ## - IMPRINT
Place of publication New Delhi
Name of publisher S. Chand
Date of publication 2002
650 ## - SUBJECT ADDED ENTRY--TOPICAL TERM
Topical term Statistics
942 ## - ADDED ENTRY ELEMENTS (KOHA)
Koha item type Books
Holdings
Withdrawn status Lost status Source of classification Damaged status Not for loan Home library Current library Shelving location Date acquired Total Checkouts Call number Accession number Date last seen Price effective from Koha item type Copy number
    Dewey Decimal Classification     SEACOM MANAGEMENT COLLEGE SEACOM MANAGEMENT COLLEGE Reference 21/11/2007   519.5 G 977 M-1019 25/11/2024 25/11/2024 Books  
    Dewey Decimal Classification     SEACOM MANAGEMENT COLLEGE SEACOM MANAGEMENT COLLEGE   23/11/2007   519.5 g 977 M-1020 25/11/2024 25/11/2024 Books 1
    Dewey Decimal Classification     SEACOM MANAGEMENT COLLEGE SEACOM MANAGEMENT COLLEGE   23/11/2007   519.5 g 977 M-1021 25/11/2024 25/11/2024 Books 2
© Seacom Engineering College, All rights reserved.    Powered by Koha